साहित्य और कला : (Record no. 112369)

MARC details
000 -LEADER
fixed length control field 01183nam a22002537a 4500
005 - DATE AND TIME OF LATEST TRANSACTION
control field 20170124102937.0
010 ## - LIBRARY OF CONGRESS CONTROL NUMBER
LC control number 206646
020 ## - INTERNATIONAL STANDARD BOOK NUMBER
Terms of availability 06.00
035 ## - SYSTEM CONTROL NUMBER
System control number 206646
037 ## - SOURCE OF ACQUISITION
Source of stock number/acquisition Cen Lib/Ret
040 ## - CATALOGING SOURCE
Original cataloging agency DPL
Language of cataloging HN
082 ## - DEWEY DECIMAL CLASSIFICATION NUMBER
Classification number 824
Item number उपाध्या
100 ## - MAIN ENTRY--PERSONAL NAME
Personal name उपाध्याय, भगवतशरण
9 (RLIN) 40
245 ## - TITLE STATEMENT
Title साहित्य और कला :
Statement of responsibility, etc भगवतशरण उपाध्याय
Remainder of title विचारोत्तेजक साहित्यिक निबन्ध-संग्रह /
246 ## - VARYING FORM OF TITLE
Title proper/short title Sahitye aur kala : vicharottejak sahityik nibandh-sangreh /
Remainder of title by Bhagwatsharan Upadhyay
260 ## - PUBLICATION, DISTRIBUTION, ETC. (IMPRINT)
Place of publication, distribution, etc दिल्ली
Name of publisher, distributor, etc आत्मा राम एंड संस
Date of publication, distribution, etc 1960
270 ## - ADDRESS
Address कश्मीरी गेट
City दिल्ली
Postal code 110006
300 ## - PHYSICAL DESCRIPTION
Extent 203पृ.
Dimensions 21सेमी (सजिल्द)
650 ## - SUBJECT ADDED ENTRY--TOPICAL TERM
Topical term or geographic name as entry element हिन्दी -- साहित्य
9 (RLIN) 47092
650 ## - SUBJECT ADDED ENTRY--TOPICAL TERM
Topical term or geographic name as entry element हिन्दी -- साहित्य और कला
9 (RLIN) 47093
650 ## - SUBJECT ADDED ENTRY--TOPICAL TERM
Topical term or geographic name as entry element Hindi - literature
9 (RLIN) 47094
650 ## - SUBJECT ADDED ENTRY--TOPICAL TERM
Topical term or geographic name as entry element Hindi - Literature and Art
9 (RLIN) 47095
942 ## - ADDED ENTRY ELEMENTS (KOHA)
Source of classification or shelving scheme Dewey Decimal Classification
Koha item type Hindi Books
Classification part 824
Call number suffix उपाध्या
Holdings
Withdrawn status Lost status Damaged status Not for loan Home library Current library Date acquired Source of acquisition Cost, normal purchase price Total Checkouts Full call number Barcode Date last seen Copy number Cost, replacement price Price effective from Koha item type Source of classification or shelving scheme
        Central Library Central Library 07/08/2015 Cen Lib/Ret 6.00   824 उपाध्या 206646 07/08/2015 1 6.00 07/08/2015 Hindi Books  
        Central Library Central Library 31/10/2016   6.00   824 उपाध्या 321917 31/10/2016 2 6.00 31/10/2016 Hindi Books Dewey Decimal Classification

© Delhi Public Library
Hit Counter
free hit counter